• 首页
  • 本馆介绍
  • 公告通知
  • 最新文献
  • 馆藏检索
  • 电子资源
  • 读者导购
  • 参考咨询
  • 我的图书馆
  • 登录
  • 详细信息显示
  • 放入我的书架
  • 预约/预借图书
  • 作者相关作品
  • 分类相关作品
  • 丛书相关作品
  • 出版社相关作品

书目信息

  • 表格格式
  • 工作单格式
  • 卡片格式
题名:
市场调查与预测
    
 
作者: 赵轶 , 韩建东 编著
分册:  
出版信息: 北京   清华大学出版社  2007
页数: 11,269页
开本: 23cm
丛书名:
单 册:
中图分类: F713.52 , F713.54
科图分类:
主题词: 市场调查--高等教育--教材 , 市场预测--高等教育--教材
电子资源:
ISBN: 978-7-302-14540-0
000 00932n|m0 2200277 450-
001 0102606626
005 20121109170000.0
010    @a978-7-302-14540-0@dCNY25.00
100    @a20070327d2007 em y0chiy0120 ea
101 0  @achi
102    @aCN@b110000
105    @ay z 000yy
135    @adrbn ---auuuu
200 1  @a市场调查与预测@9Shi Chang Diao;Tiao Cha;Zha Yu Yu Ce @f赵轶,韩建东编著@b电子资源.图书
210    @a北京@c清华大学出版社@d2007
215    @a11,269页@d23cm
325    @a电子复制品
330    @a本书内容包括导论、市场调查的基本原理、文案调查、实地调查、问卷调查、抽样调查、市场调查资料的整理与分析、市场预测的基本原理等。
606 0  @a市场调查@x高等教育@j教材
606 0  @a市场预测@x高等教育@j教材
690    @aF713.52@v4
690    @aF713.54@v4
701  0 @a赵轶@9zhao yi@4编著
701  0 @a韩建东@9han jian dong@4编著
801  0 @aCN@bAZmarc@c20230904
905    @dF713.52@e173@f1@sF713.52/173@aBZT
    
    市场调查与预测/赵轶,韩建东编著[电子资源.图书].-北京:清华大学出版社,2007
    11,269页;23cm
    
    
    ISBN 978-7-302-14540-0:CNY25.00
    本书内容包括导论、市场调查的基本原理、文案调查、实地调查、问卷调查、抽样调查、市场调查资料的整理与分析、市场预测的基本原理等。
●
相关链接 在五车中查询图书 在当当中查询图书 在豆瓣中查询图书


正题名:市场调查与预测     索取号:F713.52/173         预约/预借

序号 登录号 条形码 馆藏地/架位号 状态 备注
1 2000064737   2000064737   旧书回溯/ [索取号:F713.52/173] 在馆    
山东省滨州职业学院图书馆 欢迎您!
大连网信软件有限公司© 版权所有